| 000 | 00459nam a2200169Ia 4500 | ||
|---|---|---|---|
| 999 |
_c151 _d151 |
||
| 003 | OSt | ||
| 005 | 20210909115146.0 | ||
| 008 | 190216s9999||||xx |||||||||||||| ||und|| | ||
| 040 | _coclc | ||
| 082 |
_a297 _bHUS/G |
||
| 100 |
_aHussain, Ahmed Bin _98818 |
||
| 245 | 0 |
_aAl Gayathu Wathaqreeb / _cAhmed Bin Hussain |
|
| 260 |
_bAl Hind Book Stall, _aTirur: |
||
| 300 | _a80p | ||
| 650 | _aArabic | ||
| 942 |
_cBK _2ddc _h297 _iHUS/G _k297 _mHUS/G |
||